| 000 -LEADER |
| fixed length control field |
00431cam a22001577a 4500 |
| 008 - FIXED-LENGTH DATA ELEMENTS--GENERAL INFORMATION |
| fixed length control field |
180718b2004 xxu||||| |||| 00| 0 eng d |
| 020 ## - INTERNATIONAL STANDARD BOOK NUMBER |
| International Standard Book Number |
8175411996 |
| 082 ## - DEWEY DECIMAL CLASSIFICATION NUMBER |
| Classification number |
B3x54 Am78 |
| 100 ## - MAIN ENTRY--PERSONAL NAME |
| Personal name |
Amrit Lal |
| 245 ## - TITLE STATEMENT |
| Title |
Governance in India: a theatre of the absured |
| Statement of responsibility, etc. |
by Amrit Lal |
| 260 ## - PUBLICATION, DISTRIBUTION, ETC. |
| Place of publication, distribution, etc. |
New Delhi |
| Name of publisher, distributor, etc. |
Shipra |
| Date of publication, distribution, etc. |
2004 |
| 300 ## - PHYSICAL DESCRIPTION |
| Extent |
206 |
| 650 ## - SUBJECT ADDED ENTRY--TOPICAL TERM |
| Topical term or geographic name entry element |
Democracy - India. |
| 650 ## - SUBJECT ADDED ENTRY--TOPICAL TERM |
| Topical term or geographic name entry element |
Bureaucracy - India |
| 650 ## - SUBJECT ADDED ENTRY--TOPICAL TERM |
| Topical term or geographic name entry element |
Governance - India |